[Event "2nd Turkish League 2017"]
[Site "Konya"]
[Date "2017.07.21"]
[Round "7"]
[White "Sahin, Hatice"]
[Black "Simsek, Meltem"]
[Result "1/2-1/2"]
[WhiteElo "1560"]
[BlackElo "1752"]
[Annotator "NA"]
[PlyCount "127"]
[EventType "team-tourn"]
[EventCountry "TUR"]
[SourceTitle "playchess.com"]
[Source "ChessBase"]
[SourceQuality "1"]
[TimeControl "5400+30"]

1. Nf3 {[%emt 0:00:30]} Nf6 {[%emt 0:01:00]} 2. g3 {[%emt 0:00:00]} b5 {[%emt 0:00:30]} 3. Bg2 {[%emt 0:00:00]} Bb7 {[%emt 0:00:00]} 4. d3 {[%emt 0:01:30]} e6 {[%emt 0:00:00]} 5. Nbd2 {[%emt 0:00:30]} d5 {[%emt 0:00:00]} 6. b3 {[%emt 0:00:30]} c5 {[%emt 0:00:00]} 7. O-O {[%emt 0:01:30]} Be7 {[%emt 0:00:30]} 8. Bb2 {[%emt 0:01:30]} Nc6 {[%emt 0:02:30]} 9. Ne5 {[%emt 0:01:30]} Qc7 {[%emt 0:11:30]} 10. f4 {[%emt 0:02:30]} O-O {[%emt 0:02:30]} 11. e4 {[%emt 0:02:30]} d4 {[%emt 0:00:30]} 12. Nxc6 {[%emt 0:10:30]} Bxc6 {[%emt 0:04:30]} 13. Qe2 {[%emt 0:06:30]} Nd7 {[%emt 0:04:30]} 14. f5 {[%emt 0:04:30]} exf5 {[%emt 0:07:30]} 15. Rxf5 {[%emt 0:01:30]} g6 {[%emt 0:00:30]} 16. Rff1 {[%emt 0:00:30]} Bg5 {[%emt 0:05:30]} 17. Bc1 {[%emt 0:06:30]} Be3+ {[%emt 0:00:30]} 18. Kh1 {[%emt 0:00:30]} Ne5 {[%emt 0:08:30]} 19. h3 {[%emt 0:20:30]} Rae8 {[%emt 0:04:30]} 20. g4 {[%emt 0:05:30]} Kg7 {[%emt 0:05:30]} 21. Nf3 {[%emt 0:03:30]} Bxc1 {[%emt 0:00:00]} 22. Raxc1 {[%emt 0:00:30]} Nxf3 {[%emt 0:00:00]} 23. Bxf3 {[%emt 0:04:30]} Qe5 {[%emt 0:00:30]} 24. Qh2 {[%emt 0:01:30]} b4 {[%emt 0:01:30]} 25. Qxe5+ {[%emt 0:00:30]} Rxe5 {[%emt 0:00:00]} 26. Bg2 {[%emt 0:01:30]} Bd7 {[%emt 0:07:00]} 27. Rf2 {[%emt 0:08:34]} Rb8 {[%emt 0:05:30]} 28. Rcf1 {[%emt 0:00:51]} Be6 {[%emt 0:00:30]} 29. Ra1 {[%emt 0:00:58]} a5 {[%emt 0:05:30]} 30. a4 {[%emt 0:00:51]} Rh8 {[%emt 0:04:30]} 31. Kh2 {[%emt 0:02:05]} h5 {[%emt 0:00:40]} 32. gxh5 {[%emt 0:01:32]} Rexh5 {[%emt 0:01:03]} 33. Rf3 {[%emt 0:00:36]} Bg4 {[%emt 0:10:08]} 34. Rg3 {[%emt 0:00:40]} Be6 {[%emt 0:02:03]} 35. Rh1 {[%emt 0:00:59]} Kf6 {[%emt 0:01:37]} 36. Rf3+ {[%emt 0:01:35]} Ke5 {[%emt 0:00:12]} 37. Kg1 {[%emt 0:01:16]} g5 {[%emt 0:02:07]} 38. Rg3 {[%emt 0:00:47]} g4 {[%emt 0:00:12]} 39. hxg4 {[%emt 0:01:12]} Rxh1+ {[%emt 0:00:37]} 40. Bxh1 {[%emt 0:00:02]} Kf4 {[%emt 0:00:44]} 41. Rf3+ {[%emt 0:02:08]} Kxg4 {[%emt 0:00:04]} 42. Rf2 {[%emt 0:00:29]} Rh3 {[%emt 0:00:51]} 43. Bg2 {[%emt 0:01:36]} Re3 {[%emt 0:02:49]} 44. Kh2 {[%emt 0:00:56]} Kh4 {[%emt 0:01:07]} 45. Rf4+ {[%emt 0:00:52]} Kg5 {[%emt 0:00:30]} 46. Rf2 {[%emt 0:00:00]} Kh4 {[%emt 0:01:13]} 47. Rf4+ {[%emt 0:00:12]} Kg5 {[%emt 0:00:30]} 48. Rf2 {[%emt 0:00:00]} f6 {[%emt 0:00:28]} 49. Bf3 {[%emt 0:00:46]} Bg4 {[%emt 0:02:00]} 50. Bxg4 {[%emt 0:00:30]} Kxg4 {[%emt 0:00:00]} 51. Kg2 {[%emt 0:00:53]} Rg3+ {[%emt 0:00:36]} 52. Kh2 {[%emt 0:00:26]} Rh3+ {[%emt 0:00:39]} 53. Kg2 {[%emt 0:00:33]} Rg3+ {[%emt 0:00:30]} 54. Kh2 {[%emt 0:00:00]} Re3 {[%emt 0:00:35]} 55. Kg2 {[%emt 0:00:00]} Rg3+ {[%emt 0:00:30]} 56. Kh2 {[%emt 0:00:00]} Rf3 {[%emt 0:00:16]} 57. Kg2 {[%emt 0:00:28]} Rxf2+ {[%emt 0:00:01]} 58. Kxf2 {[%emt 0:00:30]} Kf4 {[%emt 0:00:30]} 59. Ke2 {[%emt 0:00:30]} Kg3 {[%emt 0:00:00]} 60. Ke1 {[%emt 0:00:10]} Kf3 {[%emt 0:00:27]} 61. Kf1 {[%emt 0:00:26]} Kg3 {[%emt 0:01:10]} 62. Kg1 {[%emt 0:00:28]} Kf3 {[%emt 0:00:35]} 63. Kf1 {[%emt 0:00:01]} Kg3 {[%emt 0:00:40]} 64. Kg1 {[%emt 0:00:02]} 1/2-1/2

[Event "2nd Turkish League 2017"]
[Site "Konya"]
[Date "2017.07.21"]
[Round "7"]
[White "Bolu, Yagmur"]
[Black "Demir, Aleyna"]
[Result "1-0"]
[WhiteElo "1464"]
[BlackElo "1439"]
[Annotator "NA"]
[PlyCount "83"]
[EventType "team-tourn"]
[EventCountry "TUR"]
[SourceTitle "playchess.com"]
[Source "ChessBase"]
[SourceQuality "1"]
[TimeControl "5400+30"]

1. d4 {[%emt 0:00:30]} Nf6 {[%emt 0:01:00]} 2. c4 {[%emt 0:00:30]} e6 {[%emt 0:00:30]} 3. Nf3 {[%emt 0:00:30]} d5 {[%emt 0:00:30]} 4. Nc3 {[%emt 0:01:30]} Bb4 {[%emt 0:00:30]} 5. Qc2 {[%emt 0:00:30]} Nc6 {[%emt 0:03:30]} 6. e3 {[%emt 0:00:30]} O-O {[%emt 0:00:30]} 7. Bd3 {[%emt 0:02:30]} dxc4 {[%emt 0:00:30]} 8. Bxc4 {[%emt 0:00:00]} Re8 {[%emt 0:00:30]} 9. O-O {[%emt 0:03:00]} Bxc3 {[%emt 0:07:30]} 10. Qxc3 {[%emt 0:04:30]} Nd5 {[%emt 0:05:30]} 11. Qd2 {[%emt 0:04:30]} Nb6 {[%emt 0:04:30]} 12. Bb5 {[%emt 0:03:30]} Bd7 {[%emt 0:00:30]} 13. b3 {[%emt 0:03:30]} Ne7 {[%emt 0:08:30]} 14. Bd3 {[%emt 0:08:30]} Bc6 {[%emt 0:12:30]} 15. Ne5 {[%emt 0:02:30]} Nd7 {[%emt 0:04:30]} 16. Nxc6 {[%emt 0:03:30]} Nxc6 {[%emt 0:00:30]} 17. Be4 {[%emt 0:00:30]} Nf6 {[%emt 0:11:30]} 18. Bxc6 {[%emt 0:03:30]} bxc6 {[%emt 0:00:30]} 19. Qc2 {[%emt 0:01:30]} Qd6 {[%emt 0:01:30]} 20. h3 {[%emt 0:06:30]} e5 {[%emt 0:06:30]} 21. Bb2 {[%emt 0:10:30]} exd4 {[%emt 0:07:30]} 22. Bxd4 {[%emt 0:00:30]} Ne4 {[%emt 0:01:30]} 23. Rac1 {[%emt 0:07:30]} Re6 {[%emt 0:01:30]} 24. Rfd1 {[%emt 0:04:30]} Qe7 {[%emt 0:02:06]} 25. Bc5 {[%emt 0:03:30]} Qh4 {[%emt 0:04:04]} 26. Rd4 {[%emt 0:03:30]} Rae8 {[%emt 0:04:32]} 27. f3 {[%emt 0:03:20]} Qg5 {[%emt 0:04:28]} 28. Rxe4 {[%emt 0:01:13]} Rxe4 {[%emt 0:00:34]} 29. fxe4 {[%emt 0:00:00]} a6 {[%emt 0:01:28]} 30. Qc4 {[%emt 0:03:54]} Qg6 {[%emt 0:01:16]} 31. Rd1 {[%emt 0:01:24]} h6 {[%emt 0:01:26]} 32. Rd7 {[%emt 0:02:30]} Qf6 {[%emt 0:01:45]} 33. Bd4 {[%emt 0:01:23]} Qg6 {[%emt 0:00:18]} 34. Rxc7 {[%emt 0:01:28]} Rxe4 {[%emt 0:01:20]} 35. Qxc6 {[%emt 0:01:04]} Re6 {[%emt 0:00:28]} 36. Rc8+ {[%emt 0:01:37]} Kh7 {[%emt 0:00:12]} 37. Qc2 {[%emt 0:00:45]} Re4 {[%emt 0:01:05]} 38. Rc6 {[%emt 0:00:43]} f6 {[%emt 0:00:49]} 39. Rxa6 {[%emt 0:00:27]} Qe8 {[%emt 0:00:43]} 40. Ra7 {[%emt 0:01:00]} Kh8 {[%emt 0:00:30]} 41. Rc7 {[%emt 0:00:30]} Kh7 {[%emt 0:00:30]} 42. Bxf6 {[%emt 0:00:49]} 1-0

[Event "2nd Turkish League 2017"]
[Site "Konya"]
[Date "2017.07.21"]
[Round "7"]
[White "Tutuncu, Inci"]
[Black "Ilkbahar, Nimet Seray"]
[Result "0-1"]
[WhiteElo "1436"]
[BlackElo "1618"]
[Annotator "NA"]
[PlyCount "84"]
[EventType "team-tourn"]
[EventCountry "TUR"]
[SourceTitle "playchess.com"]
[Source "ChessBase"]
[SourceQuality "1"]
[TimeControl "5400+30"]

1. Nf3 {[%emt 0:00:30]} Nf6 {[%emt 0:01:00]} 2. g3 {[%emt 0:00:00]} c5 {[%emt 0:00:30]} 3. b3 {[%emt 0:01:00]} d5 {[%emt 0:00:00]} 4. Bg2 {[%emt 0:01:30]} e6 {[%emt 0:01:00]} 5. Bb2 {[%emt 0:02:30]} Nc6 {[%emt 0:00:30]} 6. d3 {[%emt 0:00:30]} Be7 {[%emt 0:01:30]} 7. O-O {[%emt 0:00:30]} O-O {[%emt 0:00:30]} 8. Nbd2 {[%emt 0:00:00]} b6 {[%emt 0:00:30]} 9. c4 {[%emt 0:02:00]} Bb7 {[%emt 0:00:30]} 10. e4 {[%emt 0:05:30]} Nb4 {[%emt 0:13:30]} 11. Qb1 {[%emt 0:00:30]} Nxd3 {[%emt 0:18:30]} 12. e5 {[%emt 0:22:30]} Nxb2 {[%emt 0:00:30]} 13. Ng5 {[%emt 0:00:30]} Ne4 {[%emt 0:04:30]} 14. Ngxe4 {[%emt 0:00:30]} dxe4 {[%emt 0:00:30]} 15. Qxb2 {[%emt 0:00:30]} f5 {[%emt 0:03:30]} 16. Rad1 {[%emt 0:01:30]} Qc7 {[%emt 0:00:30]} 17. Nb1 {[%emt 0:00:30]} Rad8 {[%emt 0:00:30]} 18. Na3 {[%emt 0:03:30]} a6 {[%emt 0:00:30]} 19. Nc2 {[%emt 0:02:30]} g6 {[%emt 0:10:30]} 20. Ne3 {[%emt 0:04:30]} Bg5 {[%emt 0:03:30]} 21. b4 {[%emt 0:09:30]} cxb4 {[%emt 0:04:30]} 22. Qxb4 {[%emt 0:00:30]} Rxd1 {[%emt 0:13:30]} 23. Rxd1 {[%emt 0:00:30]} Rd8 {[%emt 0:00:30]} 24. Rd6 {[%emt 0:11:30]} Rxd6 {[%emt 0:00:30]} 25. Qxd6 {[%emt 0:00:30]} Qxd6 {[%emt 0:01:30]} 26. exd6 {[%emt 0:00:30]} Bxe3 {[%emt 0:00:30]} 27. fxe3 {[%emt 0:00:30]} Kf8 {[%emt 0:00:30]} 28. Kf1 {[%emt 0:03:30]} Ke8 {[%emt 0:00:30]} 29. Ke2 {[%emt 0:00:30]} Kd7 {[%emt 0:00:45]} 30. Kd2 {[%emt 0:00:30]} Kxd6 {[%emt 0:00:23]} 31. Kc3 {[%emt 0:00:30]} Kc5 {[%emt 0:01:13]} 32. Bf1 {[%emt 0:00:30]} a5 {[%emt 0:01:03]} 33. Be2 {[%emt 0:03:30]} e5 {[%emt 0:01:38]} 34. a3 {[%emt 0:02:30]} g5 {[%emt 0:02:56]} 35. Kd2 {[%emt 0:03:32]} Ba6 {[%emt 0:00:41]} 36. Bh5 {[%emt 0:02:51]} f4 {[%emt 0:01:15]} 37. Ke2 {[%emt 0:01:17]} f3+ {[%emt 0:00:48]} 38. Kf2 {[%emt 0:01:34]} Bxc4 {[%emt 0:00:17]} 39. Bxf3 {[%emt 0:02:34]} exf3 {[%emt 0:00:30]} 40. Kxf3 {[%emt 0:00:00]} Bd3 {[%emt 0:00:17]} 41. Kg4 {[%emt 0:00:18]} Bg6 {[%emt 0:00:19]} 42. Kxg5 {[%emt 0:00:30]} b5 {[%emt 0:00:00]} 0-1

[Event "2nd Turkish League 2017"]
[Site "Konya"]
[Date "2017.07.21"]
[Round "7"]
[White "Hafizoglu, Bengi"]
[Black "Catal, Uktenur"]
[Result "0-1"]
[WhiteElo "1415"]
[BlackElo "1613"]
[Annotator "NA"]
[PlyCount "98"]
[EventType "team-tourn"]
[EventCountry "TUR"]
[SourceTitle "playchess.com"]
[Source "ChessBase"]
[SourceQuality "1"]
[TimeControl "5400+30"]

1. d4 {[%emt 0:00:30]} Nf6 {[%emt 0:01:00]} 2. Bg5 {[%emt 0:00:30]} Ne4 {[%emt 0:00:30]} 3. Bf4 {[%emt 0:00:00]} c5 {[%emt 0:00:30]} 4. f3 {[%emt 0:00:00]} Qa5+ {[%emt 0:00:30]} 5. c3 {[%emt 0:00:30]} Nf6 {[%emt 0:00:30]} 6. Nd2 {[%emt 0:03:30]} cxd4 {[%emt 0:00:30]} 7. Nb3 {[%emt 0:00:30]} Qb6 {[%emt 0:05:30]} 8. Qxd4 {[%emt 0:01:30]} Qxd4 {[%emt 0:01:30]} 9. cxd4 {[%emt 0:00:30]} d5 {[%emt 0:10:30]} 10. e3 {[%emt 0:10:30]} a6 {[%emt 0:01:30]} 11. Bd3 {[%emt 0:01:30]} Nc6 {[%emt 0:01:30]} 12. a3 {[%emt 0:00:30]} e6 {[%emt 0:00:30]} 13. e4 {[%emt 0:08:30]} dxe4 {[%emt 0:00:30]} 14. fxe4 {[%emt 0:01:30]} Be7 {[%emt 0:00:30]} 15. Nf3 {[%emt 0:01:30]} h6 {[%emt 0:01:30]} 16. h3 {[%emt 0:01:30]} g5 {[%emt 0:04:30]} 17. Bh2 {[%emt 0:10:30]} O-O {[%emt 0:08:30]} 18. O-O {[%emt 0:05:30]} Rd8 {[%emt 0:15:30]} 19. Rad1 {[%emt 0:06:30]} Kg7 {[%emt 0:00:30]} 20. Bc2 {[%emt 0:01:30]} g4 {[%emt 0:07:30]} 21. hxg4 {[%emt 0:03:30]} Nxg4 {[%emt 0:00:30]} 22. Bf4 {[%emt 0:02:30]} f6 {[%emt 0:04:30]} 23. d5 {[%emt 0:14:30]} exd5 {[%emt 0:02:30]} 24. exd5 {[%emt 0:01:30]} Nce5 {[%emt 0:00:30]} 25. Rfe1 {[%emt 0:06:30]} Bd6 {[%emt 0:00:30]} 26. Nxe5 {[%emt 0:00:41]} fxe5 {[%emt 0:01:30]} 27. Bg3 {[%emt 0:00:49]} h5 {[%emt 0:10:30]} 28. Bh4 {[%emt 0:02:57]} Re8 {[%emt 0:01:11]} 29. Be4 {[%emt 0:04:43]} b6 {[%emt 0:06:17]} 30. Rd2 {[%emt 0:03:57]} Bd7 {[%emt 0:00:36]} 31. Bf2 {[%emt 0:02:31]} Nxf2 {[%emt 0:01:38]} 32. Kxf2 {[%emt 0:00:30]} Rf8+ {[%emt 0:00:00]} 33. Kg1 {[%emt 0:00:00]} Rf4 {[%emt 0:02:00]} 34. Rf2 {[%emt 0:01:12]} Raf8 {[%emt 0:01:43]} 35. Rxf4 {[%emt 0:00:57]} Rxf4 {[%emt 0:00:18]} 36. Bf3 {[%emt 0:00:25]} h4 {[%emt 0:00:21]} 37. Re4 {[%emt 0:00:00]} Kf6 {[%emt 0:01:40]} 38. Kf2 {[%emt 0:01:58]} Kf5 {[%emt 0:00:56]} 39. Nd2 {[%emt 0:00:43]} Bc5+ {[%emt 0:00:27]} 40. Ke1 {[%emt 0:00:34]} Bd4 {[%emt 0:06:14]} 41. b3 {[%emt 0:01:34]} Bc3 {[%emt 0:00:21]} 42. Rxf4+ {[%emt 0:00:23]} Kxf4 {[%emt 0:00:04]} 43. Ke2 {[%emt 0:01:20]} Bxd2 {[%emt 0:00:30]} 44. Kxd2 {[%emt 0:00:30]} h3 {[%emt 0:00:00]} 45. Ke2 {[%emt 0:00:00]} h2 {[%emt 0:02:54]} 46. g3+ {[%emt 0:01:02]} Kxg3 {[%emt 0:00:11]} 47. Bh1 {[%emt 0:00:41]} Kf4 {[%emt 0:00:39]} 48. Kf2 {[%emt 0:00:30]} e4 {[%emt 0:00:00]} 49. Ke2 {[%emt 0:01:02]} Ke5 {[%emt 0:00:23]} 0-1

[Event "2nd Turkish League 2017"]
[Site "Konya"]
[Date "2017.07.22"]
[Round "8"]
[White "Rasulov, Vugar"]
[Black "Asilkefeli, Metin"]
[Result "1-0"]
[WhiteElo "2517"]
[BlackElo "2123"]
[Annotator "TA"]
[PlyCount "107"]
[EventType "team-tourn"]
[EventCountry "TUR"]
[SourceTitle "playchess.com"]
[Source "ChessBase"]
[SourceQuality "1"]

{[%evp 14,107,36,34,29,26,16,17,22,22,26,25,40,31,47,37,48,29,33,22,24,33,34,15,18,0,16,10,8,6,43,35,34,34,34,14,16,14,10,0,11,0,0,0,0,0,0,0,0,-14,-13,-19,-31,-30,55,54,39,41,120,10,9,0,0,0,0,0,84,0,61,56,66,59,72,76,160,141,143,148,489,490,493,470,1041,1058,1056,993,919,708,1875,1934,12841,12841,29991,29992,29996,29994]} 1. d4 d5 2. Nf3 Bf5 3. c4 e6 4. Nc3 c6 5. Qb3 Qc8 6. Bf4 Nf6 7. Rc1 Nbd7 8. e3 Be7 {D10: Slav Defence: 3 cxd5 (without early Nf3) and 3 Nc3} 9. h3 O-O 10. Be2 dxc4 {The position is equal.} (10... h6 11. O-O dxc4 12. Bxc4 Nb6 13. Be2 Nbd5 14. Bg3 {1-0 (30) Gupta,A (2654)-Vishnu,P (2524) Pune 2016}) 11. Bxc4 Nb6 12. Be2 Nbd5 13. Bh2 Nxc3 14. bxc3 Bd8 $146 ({Predecessor:} 14... c5 15. O-O Ne4 16. Rfd1 {0-1 (46) Litrico,P (1975)-Arjun,B (2231) Forni di Sopra 2012}) 15. Ne5 {[%cal Bf3e5,Be5c4,Bc4d6][%mdl 32]} Nd7 16. Nc4 Bc7 17. Nd6 Qb8 18. Qa3 Nf6 19. Be5 Ne4 {[%cal Re4d6]} 20. Nc4 Rd8 (20... b5 $5 {[%cal Rb5c4]} 21. Bxc7 Qxc7 $11) 21. O-O Nd6 (21... b5 {with more complications.} 22. Bxc7 Qxc7 23. Ne5 f6 24. Nd3 a5) 22. Nxd6 Bxd6 23. Bxd6 Qxd6 24. Qb2 Rab8 25. Rfd1 Be4 26. c4 c5 27. f3 (27. d5 $5) 27... Bc6 28. d5 exd5 29. cxd5 Ba4 30. Rd2 $36 {[%mdl 2048] Strongly threatening Qa3. White fights for an advantage.} b5 31. e4 (31. f4 {looks sharper.} c4 32. Qd4 Re8 33. Bf3 Re7 34. g3) 31... Re8 32. Bd1 Bxd1 33. Rdxd1 a5 (33... c4 $11) 34. Qa3 $14 Rec8 35. Qxa5 b4 {[#]} ({Better is} 35... c4 $14) 36. Qa4 (36. e5 $1 $16 {[%cal Re5d6][%mdl 512]} Qxe5 37. d6) 36... c4 $11 37. Qc2 Ra8 38. Qf2 c3 39. Rc2 Qc5 {[#]} (39... Rc4 $11 {remains equal.}) 40. d6 (40. Qxc5 $1 $16 Rxc5 41. Rb1) 40... Kf8 (40... f6 $11) 41. f4 $14 Qxf2+ 42. Kxf2 {[%mdl 4096] Endgame KRR-KRR} Rc6 43. e5 Rca6 ({Black should try} 43... Ke8) 44. Ke3 Ke8 {[#]} 45. Rd4 $1 {[%cal Rd4b4]} Rxa2 $2 {[%mdl 8192]} (45... Rb8 $16 {is more resistant.} 46. Kd3 Kd7) 46. Rxa2 $18 Rxa2 47. Rxb4 Rxg2 $16 {KR-KR} (47... c2 $142 48. Rb8+ Kd7 49. Rb7+ Ke8 50. Rb8+ Kd7 51. Rb7+ Ke8 52. Rb8+) 48. Rb8+ $18 Kd7 49. Rb7+ Ke8 50. Re7+ Kd8 51. Rxf7 {e6 would kill now.} Rg3+ 52. Kd4 c2 53. e6 {[%cal Rf7f8]} Ke8 54. d7+ {Precision: White = 56%, Black = 41%.} 1-0

[Event "2nd Turkish League 2017"]
[Site "Konya"]
[Date "2017.07.22"]
[Round "8"]
[White "Mammadov, Zaur"]
[Black "Yagiz, Yasin Emrah"]
[Result "1-0"]
[WhiteElo "2420"]
[BlackElo "2172"]
[Annotator "TA"]
[PlyCount "69"]
[EventType "team-tourn"]
[EventCountry "TUR"]
[SourceTitle "playchess.com"]
[Source "ChessBase"]
[SourceQuality "1"]

{[%evp 10,69,26,26,27,23,42,31,36,24,37,15,55,51,65,26,35,25,35,23,32,20,7,11,6,16,15,6,16,0,37,16,54,24,24,35,23,0,8,8,35,29,46,0,0,0,0,0,-2,-31,0,0,0,-54,-47,439,667,656,641,631,1159,1152]} 1. d4 Nf6 2. Nf3 g6 3. Nbd2 d5 4. e3 Bg7 5. b4 O-O 6. c4 a5 {D02: 1 d4 d5 2 Nf3 sidelines, including 2...Nf6 3 g3 and 2...Nf6 3 Bf4} (6... c6 7. a4 Bf5 8. Bb2 Ne4 9. Nxe4 Bxe4 10. Nd2 Bf5 11. Be2 Nd7 12. O-O e5 13. cxd5 cxd5 14. Nf3 {½-½ (37) Grachev,B (2628)-Rakhmanov,A (2662) Sochi 2016}) 7. b5 c6 8. a4 {[%cal Ba2a4,Ba4b5][%mdl 32]} cxb5 {White is slightly better.} 9. axb5 Nbd7 $146 ({Predecessor:} 9... dxc4 10. Nxc4 b6 11. Nce5 Bb7 12. Qc2 Be4 13. Bd3 Bxd3 14. Qxd3 {1-0 (38) Amerllahi,D-Brkic,B Munster 1996}) 10. Bb2 Re8 11. Be2 b6 12. O-O Bb7 13. Qb3 Rc8 14. Rfc1 e6 15. Rc2 (15. Ba3 $5 {[%cal Rc4c5]}) 15... Ne4 16. Rac1 Nxd2 17. Nxd2 dxc4 18. Nxc4 {[#] Nd6 is the strong threat.} Be4 19. Rc3 {And now Nd6 would win.} Qg5 {[%csl Ge4][%cal Rg5g2]} 20. Bf1 {Black must now prevent Nd6.} (20. g3 $5 {[%cal Rc4d6]} Bd5 21. Qc2 $11) 20... Bd5 21. Qc2 (21. e4 $5 {[%cal Re4d5]} Bxc4 22. Rxc4 Rxc4 23. Rxc4 $14 (23. Qxc4 Qd2 $14)) 21... Bf8 22. e4 Bb7 23. e5 Bb4 $36 {[%mdl 2048] Black is pushing.} 24. Rg3 Qf4 25. Qd1 Red8 26. Re3 Bd5 27. Na3 Nf8 (27... f5 {keeps more tension.} 28. Nc4 Qg4 29. Qd3 Qg5 30. Qd1 Qg4) 28. Rxc8 Rxc8 29. Nc2 Be7 30. Bd3 a4 31. Bc1 (31. Qe1 $11) 31... Bb3 $1 $15 32. Re4 $2 {[%mdl 8192] [#]} (32. Re1 $15 Qh4 33. Re4) 32... Qxc1 (32... Qf5 $142) 33. Qxc1 $18 a3 34. Re1 Bb4 35. Nxb4 {Precision: White = 51%, Black = 69%.} 1-0

[Event "2nd Turkish League 2017"]
[Site "Konya"]
[Date "2017.07.22"]
[Round "8"]
[White "Lomsadze, Davit"]
[Black "Rzayev, Bahruz"]
[Result "1/2-1/2"]
[WhiteElo "2335"]
[BlackElo "2386"]
[Annotator "NA"]
[PlyCount "62"]
[EventType "team-tourn"]
[EventCountry "TUR"]
[SourceTitle "playchess.com"]
[Source "ChessBase"]
[SourceQuality "1"]
[TimeControl "5400+30"]

1. Nf3 {[%emt 0:00:30]} d5 {[%emt 0:01:00]} 2. g3 {[%emt 0:00:30]} c5 {[%emt 0:00:30]} 3. Bg2 {[%emt 0:00:30]} Nc6 {[%emt 0:00:30]} 4. O-O {[%emt 0:00:00]} e5 {[%emt 0:00:00]} 5. d3 {[%emt 0:00:00]} Nf6 {[%emt 0:00:00]} 6. Bg5 {[%emt 0:03:30]} Be7 {[%emt 0:03:30] LiveBook: 35 Games} 7. Nbd2 {[%emt 0:05:30]} O-O {[%emt 0:00:30]} 8. e4 {[%emt 0:00:30]} Be6 {[%emt 0:05:30]} 9. Bxf6 {[%emt 0:04:30]} Bxf6 {[%emt 0:00:30]} 10. exd5 {[%emt 0:00:30]} Bxd5 {[%emt 0:00:30]} 11. Re1 {[%emt 0:08:30]} Re8 {[%emt 0:07:30]} 12. Ne4 {[%emt 0:02:30]} Bxe4 {[%emt 0:04:30]} 13. dxe4 $11 {[%emt 0:04:30]} b5 {[%emt 0:08:30]} 14. Qxd8 {[%emt 0:00:30]} Rexd8 {[%emt 0:00:30]} 15. Red1 {[%emt 0:00:30]} Rxd1+ {[%emt 0:00:30]} 16. Rxd1 {[%emt 0:02:30]} Rd8 {[%emt 0:00:30]} 17. Rxd8+ {[%emt 0:01:30]} Bxd8 {[%emt 0:00:30]} 18. Bf1 {[%emt 0:00:30]} b4 {[%emt 0:01:30]} 19. Bb5 {[%emt 0:01:30]} Nd4 {[%emt 0:00:30]} 20. Nxd4 {[%emt 0:00:00]} cxd4 {[%emt 0:00:00]} 21. h4 {[%emt 0:00:00]} Kf8 {[%emt 0:01:00]} 22. Kg2 {[%emt 0:00:30]} Ke7 {[%emt 0:00:30]} 23. Bc4 {[%emt 0:00:30]} a5 {[%emt 0:00:30]} 24. b3 {[%emt 0:00:30]} h5 {[%emt 0:00:30]} 25. Be2 {[%emt 0:00:30]} g6 {[%emt 0:00:00]} 26. Bd3 {[%emt 0:00:30]} Kf6 {[%emt 0:00:00]} 27. Bc4 {[%emt 0:00:30]} Bb6 {[%emt 0:00:30]} 28. Kf3 {[%emt 0:00:30]} Kg7 {[%emt 0:00:30]} 29. Bd3 {[%emt 0:00:00]} f6 {[%emt 0:00:00]} 30. Kg2 {[%emt 0:00:00]} Kh6 {[%emt 0:00:00]} 31. Kh3 {[%emt 0:00:30]} g5 {[%emt 0:00:00]} 1/2-1/2

[Event "2nd Turkish League 2017"]
[Site "Konya"]
[Date "2017.07.22"]
[Round "8"]
[White "Aytekin, Murat Eren"]
[Black "Ozdemir, Ali"]
[Result "1-0"]
[WhiteElo "2201"]
[BlackElo "1762"]
[Annotator "NA"]
[PlyCount "59"]
[EventType "team-tourn"]
[EventCountry "TUR"]
[SourceTitle "playchess.com"]
[Source "ChessBase"]
[SourceQuality "1"]
[TimeControl "5400+30"]

1. d4 {[%emt 0:00:30]} d5 {[%emt 0:01:00]} 2. c4 {[%emt 0:00:00]} c6 {[%emt 0:00:30]} 3. Nf3 {[%emt 0:00:00]} Nf6 {[%emt 0:00:30]} 4. Nc3 {[%emt 0:00:00]} dxc4 {[%emt 0:00:30]} 5. a4 {[%emt 0:00:00]} Bf5 {[%emt 0:00:30]} 6. Ne5 {[%emt 0:00:30]} Nbd7 {[%emt 0:00:00]} 7. Nxc4 {[%emt 0:00:00]} Qc7 {[%emt 0:00:00]} 8. g3 {[%emt 0:00:00]} e5 {[%emt 0:00:30]} 9. dxe5 {[%emt 0:00:30]} Nxe5 {[%emt 0:00:30]} 10. Bf4 {[%emt 0:00:30]} Nfd7 {[%emt 0:00:30]} 11. Bg2 {[%emt 0:00:00]} g5 {[%emt 0:00:00]} 12. Ne3 {[%emt 0:00:00]} gxf4 {[%emt 0:00:00]} 13. Nxf5 {[%emt 0:00:00]} O-O-O {[%emt 0:00:30]} 14. O-O {[%emt 0:03:00] LiveBook: 51 Games} ({But not} 14. gxf4 Nc5 $15) 14... Nc5 {[%emt 0:02:30]} 15. Qc2 {[%emt 0:00:30]} fxg3 {[%emt 0:00:30]} 16. hxg3 {[%emt 0:00:30]} a5 {[%emt 0:00:30]} 17. Rfd1 {[%emt 0:03:30]} h5 {[%emt 0:01:30]} 18. Rxd8+ {[%emt 0:09:30]} Qxd8 {[%emt 0:03:30]} 19. Ne4 {[%emt 0:16:30]} Nxe4 {[%emt 0:04:30]} 20. Qxe4 $11 {[%emt 0:03:30]} Qf6 {[%emt 0:02:30]} 21. Rc1 {[%emt 0:04:30]} Bb4 {[%emt 0:19:30]} 22. Nd4 {[%emt 0:17:30]} Rd8 {[%emt 0:24:30]} 23. e3 {[%emt 0:02:30]} Rd6 {[%emt 0:17:52]} 24. b3 {[%emt 0:16:30]} Ng4 {[%emt 0:12:15]} 25. Bf3 {[%emt 0:02:30]} Qg6 {[%emt 0:02:53]} 26. Nb5 {[%emt 0:06:30]} Re6 {[%emt 0:02:58]} 27. Qd4 {[%emt 0:01:39]} Ne5 {[%emt 0:02:42]} 28. Bg2 {[%emt 0:03:01]} Nd7 {[%emt 0:00:32]} 29. Rd1 {[%emt 0:02:44]} Re7 {[%emt 0:00:59]} 30. Qh8+ {[%emt 0:00:08]} 1-0